000 00728nam a2200241 i 4500
001 bg
100 1 _aRATYŃSKA, Jadwiga
245 1 0 _aZarys miernictwa elektrycznego i elektronicznego /
_cJadwiga Ratyńska.
260 _aRadom :
_bPolitechnika Radomska. Wydaw.,
_ccop. 2002.
300 _a322 s. :
_bil. ;
_c23 cm.
500 _aStreszcz. ang.
504 _aBibliogr.
650 9 _aElektrotechnika
_xpomiary
655 _aPodręczniki akademickie
020 _a8373510206
040 _cBPK
041 0 _apol
_beng
080 _a621.317(075.8)
920 _a83-7351-020-6
942 _cKS
008 s pl f |000 0 pol
999 _c44947
_d44947
856 _uhttp://koha.tu.koszalin.pl/cgi-bin/koha/opac-detail.pl?biblionumber=44947
_yKatalog online BPK